000
00231nam a22001097a 4500
999
_c
167712
_d
167712
082
_a
_b
100
_a
Agyeya
245
_a
Chuni hui kavithayen/
_c
by Agyeya.
260
_a
New Delhi:
_b
Rajpal,
_c
1987.
650
_a
942
_c
BK